San Antonio Spurs NBA Finals Starters - Statistics

General Stats
  • This quiz has been taken 491 times
  • The average score is 10 of 16
Answer Stats
Finals Players % Correct
1999, 2003, 2005, 2007, 2013, 2014 Tim Duncan
100%
2003, 2005, 2007, 2013, 2014 Tony Parker
98%
2013, 2014 Kawhi Leonard
97%
2005 Manu Ginóbili
96%
1999, 2003 David Robinson
94%
2013, 2014 Danny Green
73%
2003, 2005, 2007 Bruce Bowen
65%
1999 Avery Johnson
59%
2014 Boris Diaw
59%
2013 Tiago Splitter
53%
1999 Sean Elliott
49%
2003 Stephen Jackson
44%
2005 Nazr Mohammed
37%
2007 Michael Finley
36%
1999 Mario Elie
34%
2007 Fabricio Oberto
32%
No matching quizzes found
Score Distribution
Percent of People with Each Score
Percentile by Number Answered
Your Score History
You have not taken this quiz